Funkcia kontroly vo vzťahu k plánu záverečná práca postgraduálneho štúdia

Uložené v:
Podrobná bibliografia
Hlavný autor: Szalai, František
Korporativný autor: Vysoká škola ekonomická v Bratislave
Ďalší autori: Straková, Ľubica
Médium: Kniha
Jazyk:Slovak
Vydavateľské údaje: Bratislava 1987
Tagy: Pridať tag
Žiadne tagy, Buďte prvý, kto otaguje tento záznam!

MARC

LEADER 00000nam a2200000 4500
001 c035394
005 20221219094526.4
041 0 |a slo 
044 |a SK 
245 1 0 |a Funkcia kontroly vo vzťahu k plánu  |b záverečná práca postgraduálneho štúdia  |c František Szalai ; Ved. práce Ľubica Straková 
264 1 |a Bratislava  |c 1987 
300 |a 53 s. 
100 1 |a Szalai, František 
700 1 |a Straková, Ľubica 
710 2 |a Vysoká škola ekonomická v Bratislave